01346nam a22003374a 4500001001200000003000800012006001900020007001500039008004100054020003400095040002100129035002000150050002400170082001800194245013900212260004300351300002300394504005100417533015200468650002600620650004100646650004000687650003200727655002900759700002200788700002000810700001800830710001700848856012600865999001700991ebr10225272CaPaEBRm u cr cn|||||||||020312s2003 maua sb 001 0 eng  z0262011956 (hc. : alk. paper) aCaPaEBRcCaPaEBR a(OCoLC)5259695814aHD30.2b.S53 2003eb04a658.4/03822100aSharing expertiseh[electronic resource] :bbeyond knowledge management /cedited by Mark S. Ackerman, Volkmar Pipek, and Volker Wulf. aCambridge, Mass. :bMIT Press,cc2003. axx, 418 p. :bill. aIncludes bibliographical references and index. aElectronic reproduction.bPalo Alto, Calif. :cebrary,d2013.nAvailable via World Wide Web.nAccess may be limited to ebrary affiliated libraries. 0aKnowledge management. 0aOrganizational learningxManagement. 0aInformation technologyxManagement. 0aHuman-computer interaction. 7aElectronic books.2local1 aAckerman, Mark S.1 aPipek, Volkmar.1 aWulf, Volker.2 aebrary, Inc.40uhttp://site.ebrary.com/lib/rucke/Doc?id=10225272zAn electronic book accessible through the World Wide Web; click to view c41056d41056